Las explicaciones del niño
| Autor Principal: | |
|---|---|
| Formato: | Libro |
| Idioma: | Lingua castelá |
| Publicado: |
[s.l.] :
[s.n.],
197?
|
| Subjects: |
MARC
| LEADER | 00000nam a2200000Ia 4500 | ||
|---|---|---|---|
| 008 | 180227bs xxu||||| |||| 00| | spa d | ||
| 999 | |c 1575 |d 1575 | ||
| 090 | |a 06.02.01 |b 832 | ||
| 100 | 1 | |a Reed, John L. |9 3426 | |
| 245 | 1 | 4 | |a Las explicaciones del niño |
| 260 | |a [s.l.] : |b [s.n.], |c 197? | ||
| 300 | |a paginación irregular | ||
| 650 | 1 | 4 | |a EDUCACIÓN |9 1 |
| 650 | 1 | 4 | |a CONOCIMIENTO |9 42 |
| 650 | 1 | 4 | |a APRENDIZAJE |9 387 |
| 650 | 1 | 4 | |a ENSEÑANZA |9 14 |
| 650 | 1 | 4 | |a NIÑOS |9 59 |
| 650 | 1 | 4 | |a NIÑAS |9 60 |
| 942 | |i 001351 |h 06.02.01 832 |2 z |c 01 | ||
